| 000 | 00468nam a22001457a 4500 | ||
|---|---|---|---|
| 005 | 20250328120906.0 | ||
| 008 | 161126b xxu||||| |||| 00| 0 eng d | ||
| 022 | _a01150839 | ||
| 082 |
_2January 2008-Octoberber 2009, v.49-50 _aDPer 613.05 _bH349 |
||
| 245 | _aHealth and home. | ||
| 260 |
_aCaloocan City: _bPhil. Publishing House, _cJan 2008-Oct 2009. |
||
| 300 |
_a1 volume: _bcolor illustrations, _c27 cm. |
||
| 650 | 0 |
_aHealth _vPeriodicals _937174 |
|
| 942 |
_2ddc _cPER |
||
| 999 |
_c13288 _d13288 |
||